[Event "K41 Aabent Mesterskab 2010-2011"]
[Site "Valby"]
[Date "2011.01.25"]
[Round "7"]
[White "Sandbech, Ted"]
[Black "Krogh, Soren"]
[Result "1-0"]
[WhiteElo "1589"]
[BlackElo "1274"]
[PlyCount "67"]
[EventDate "2010.??.??"]

1. Nf3 Nf6 2. d4 e6 3. c4 b6 4. Bg5 Bb7 5. e3 c5 6. Be2 d6 7. O-O Nbd7 8. Nc3
Be7 9. Qc2 O-O 10. Rad1 Qc7 11. d5 a6 12. Bd3 Rfe8 13. Ne4 Nxe4 14. Bxe4 Nf8
15. dxe6 fxe6 16. Bxb7 Qxb7 17. Bxe7 Qxe7 18. Qe4 Qc7 19. Ne1 Rac8 20. f4 Nd7
21. Qd3 Nf6 22. Qxd6 Ne4 23. Qxc7 Rxc7 24. Nf3 b5 25. Ne5 bxc4 26. Nxc4 Rb7 27.
b3 h5 28. Nd6 Nxd6 29. Rxd6 a5 30. Rc6 Rb5 31. Rc1 Kf7 32. R6xc5 Rxc5 33. Rxc5
Ra8 34. Rxh5 1-0

[Event "K41 Aabent Mesterskab 2010-2011"]
[Site "Valby"]
[Date "2011.03.02"]
[Round "7"]
[White "Stanislaus, Johann"]
[Black "Ibsen, Johan"]
[Result "0-1"]
[WhiteElo "1591"]
[BlackElo "1610"]
[PlyCount "64"]
[EventDate "2010.??.??"]

1. d4 Nf6 2. c4 c5 3. d5 d6 4. Nc3 e6 5. e4 exd5 6. cxd5 g6 7. Qc2 Bg7 8. f3
O-O 9. Bf4 a6 10. a4 Qe7 11. O-O-O Nbd7 12. g4 Ne5 13. h3 Bd7 14. Qh2 Ne8 15.
Qg3 Nc7 16. Kc2 b5 17. b3 bxa4 18. Nxa4 Bxa4 19. bxa4 Qd7 20. Bxe5 Qxa4+ 21.
Kd2 Bxe5 22. f4 Qa2+ 23. Ke3 Bd4+ 24. Kf3 Rfb8 25. Rh2 Rb3+ 26. Rd3 Qa3 27. Kg2
Rab8 28. Kh1 c4 29. Rxb3 cxb3 30. Qd3 Bxg1 31. Kxg1 Qc5+ 32. Rf2 b2 0-1

[Event "K41 Aabent Mesterskab 2010-2011"]
[Site "Valby"]
[Date "2011.01.25"]
[Round "7"]
[White "Truelsen, Ole Illum"]
[Black "Christensen, Esben"]
[Result "0-1"]
[WhiteElo "1761"]
[BlackElo "2018"]
[PlyCount "98"]
[EventDate "2010.??.??"]

1. c4 c5 2. Nc3 g6 3. d4 Bg7 4. e3 Nf6 5. d5 d6 6. Nf3 a6 7. Bd3 O-O 8. h3 b5
9. cxb5 Nbd7 10. O-O axb5 11. Bxb5 Ba6 12. Bxa6 Rxa6 13. Qd3 Qa8 14. Rd1 Rb8
15. Rb1 Ne8 16. Rd2 Nc7 17. a3 Rb3 18. e4 Qb7 19. Rc2 Nb5 20. Ra1 Nxc3 21. bxc3
Ra4 22. Nd2 Rb6 23. f4 Nf6 24. Raa2 Nh5 25. g3 Qd7 26. Kh2 e6 27. Rab2 Rxb2 28.
Rxb2 h6 29. Rb8+ Kh7 30. Nc4 Qa7 31. Rb5 Qa6 32. Nb6 Rxe4 33. c4 Rd4 34. Qe2
exd5 35. Nxd5 Qa4 36. Ne3 Re4 37. Qd3 Rd4 38. Qe2 Nf6 39. Bb2 Re4 40. Bxf6 Bxf6
41. Qf3 Rd4 42. f5 Rd2+ 43. Kh1 g5 44. Rb7 Qe8 45. Rb1 Bd4 46. Nd5 Qe5 47. f6
Qe6 48. g4 Qe5 49. Rf1 Rh2# 0-1

[Event "K41 Aabent Mesterskab 2010-2011"]
[Site "Valby"]
[Date "2011.02.08"]
[Round "8"]
[White "Christensen, Esben"]
[Black "Brondum, Eric"]
[Result "1/2-1/2"]
[WhiteElo "2018"]
[BlackElo "2028"]
[PlyCount "38"]
[EventDate "2010.??.??"]

1. e4 c5 2. Nf3 g6 3. d4 cxd4 4. Nxd4 Nf6 5. Nc3 d6 6. f3 Bg7 7. Be3 Nc6 8. Qd2
Bd7 9. O-O-O O-O 10. h4 Ne5 11. Bh6 Bxh6 12. Qxh6 Rc8 13. Nd5 e6 14. Nxf6+ Qxf6
15. h5 Qg7 16. hxg6 Qxh6+ 17. Rxh6 hxg6 18. Bb5 Kg7 19. Rdh1 a6 1/2-1/2

[Event "K41 Aabent Mesterskab 2010-2011"]
[Site "Valby"]
[Date "2011.02.08"]
[Round "8"]
[White "Hansen, Rasmus Agertoft"]
[Black "Nielsen, Soren Skovso"]
[Result "1/2-1/2"]
[WhiteElo "1832"]
[BlackElo "1641"]
[PlyCount "90"]
[EventDate "2010.??.??"]

1. Nf3 Nf6 2. d4 e6 3. c4 Be7 4. Bg5 b6 5. e3 Bb7 6. Nc3 d6 7. Bd3 Nbd7 8. a3
O-O 9. h4 e5 10. d5 h6 11. g4 Nc5 12. Bf5 Bc8 13. b4 Nb7 14. Bxf6 Bxf6 15. Ne4
g6 16. Bxc8 Rxc8 17. g5 Bg7 18. h5 f5 19. gxh6 fxe4 20. h7+ Kh8 21. Nh4 g5 22.
h6 gxh4 23. hxg7+ Kxg7 24. h8=Q+ Rxh8 25. Qg4+ Kf7 26. Qe6+ Kf8 27. O-O-O Rb8
28. Rdg1 Qe7 29. Qf5+ Qf7 30. Qxe4 Ke7 31. f4 Rbf8 32. fxe5 Kd8 33. e6 Qf6 34.
Kb1 Ke7 35. Ka2 a5 36. Rg6 Qc3 37. Qg2 axb4 38. Rg7+ Ke8 39. Qg6+ Kd8 40. e7+
Kc8 41. exf8=Q+ Rxf8 42. Rf7 Qxa3+ 43. Kb1 Qb3+ 44. Ka1 Qa3+ 45. Kb1 Qb3+
1/2-1/2

[Event "K41 Aabent Mesterskab 2010-2011"]
[Site "Valby"]
[Date "2011.02.08"]
[Round "8"]
[White "Hojland, Ulrik"]
[Black "Sandbech, Ted"]
[Result "0-1"]
[WhiteElo "1813"]
[BlackElo "1589"]
[PlyCount "90"]
[EventDate "2010.??.??"]

1. e4 d5 2. exd5 Qxd5 3. Nc3 Qa5 4. Nf3 Bg4 5. Be2 Nf6 6. O-O e6 7. d3 c6 8.
Bd2 Qc7 9. h3 Bh5 10. Ng5 Bxe2 11. Qxe2 h6 12. Nge4 Nbd7 13. Qf3 Nxe4 14. Nxe4
Bd6 15. Qg4 Be5 16. c3 Nf6 17. Nxf6+ Bxf6 18. d4 O-O-O 19. Bf4 Qd7 20. Rad1 g5
21. Bh2 Be7 22. Be5 h5 23. Qf3 f6 24. Bh2 f5 25. Rfe1 Bd6 26. Bxd6 Qxd6 27. Qe3
Rde8 28. Qxg5 Qd5 29. Qd2 Rhg8 30. f3 Qxf3 31. Re3 Rxg2+ 32. Qxg2 Qxe3+ 33. Kh1
f4 34. Rf1 Rf8 35. Rf3 Qe4 36. Kh2 Qh7 37. Rf2 Rg8 38. Qf1 Rf8 39. Qe2 Qf5 40.
Qf3 Kd7 41. Re2 Rg8 42. Re4 Qg5 43. Qf2 f3 44. Re3 Qf4+ 45. Kh1 Rg2 0-1

[Event "K41 Aabent Mesterskab 2010-2011"]
[Site "Valby"]
[Date "2011.02.23"]
[Round "8"]
[White "Ibsen, Johan"]
[Black "Eiholt, Bjarne"]
[Result "1-0"]
[WhiteElo "1610"]
[BlackElo "1516"]
[PlyCount "63"]
[EventDate "2010.??.??"]

1. e4 c6 2. d4 d5 3. e5 Bf5 4. Nf3 e6 5. Bd3 Bxd3 6. Qxd3 Qb6 7. O-O c5 8. Be3
Nc6 9. c3 cxd4 10. cxd4 Nge7 11. Nc3 Nf5 12. Nxd5 Qd8 13. Nc3 Be7 14. Rfd1 O-O
15. a3 Qb8 16. Rac1 Rd8 17. Qe4 a6 18. d5 Nxe3 19. Qxe3 exd5 20. Nxd5 Kf8 21.
Nb6 Qa7 22. Nxa8 Qxa8 23. Qe4 Kg8 24. e6 Rxd1+ 25. Rxd1 Nd8 26. exf7+ Kxf7 27.
Rd7 Nc6 28. Qxh7 Ke6 29. Qh3+ Kf7 30. Ng5+ Ke8 31. Qh8+ Bf8 32. Rf7 1-0

[Event "K41 Aabent Mesterskab 2010-2011"]
[Site "Valby"]
[Date "2011.02.08"]
[Round "8"]
[White "Jorgensen, Kasper Moller"]
[Black "Andreassen, Mikkel"]
[Result "1/2-1/2"]
[WhiteElo "2049"]
[BlackElo "1726"]
[PlyCount "74"]
[EventDate "2010.??.??"]

1. e4 e5 2. Nf3 Nc6 3. Bb5 a6 4. Ba4 Nf6 5. Qe2 b5 6. Bb3 Bc5 7. c3 d6 8. O-O
O-O 9. d3 h6 10. Be3 Qe7 11. d4 exd4 12. cxd4 Bb6 13. e5 dxe5 14. dxe5 Nxe5 15.
Bxb6 Nxf3+ 16. Qxf3 Bg4 17. Qe3 Qd7 18. Ba5 Rfe8 19. Qd2 Qe7 20. f3 Bf5 21. Qf2
c5 22. Nc3 c4 23. Bd1 Bd3 24. Be2 b4 25. Bxd3 cxd3 26. Rfe1 Qd6 27. Ne4 Nxe4
28. fxe4 Rac8 29. Qb6 Qe5 30. Qxb4 Rc2 31. Red1 Rb8 32. Qe1 Rbxb2 33. Bd2 Rxd2
34. Rxd2 Rxd2 35. Qxd2 Qxa1+ 36. Kf2 Qd4+ 37. Kf3 Kf8 1/2-1/2

[Event "K41 Aabent Mesterskab 2010-2011"]
[Site "Valby"]
[Date "2011.02.08"]
[Round "8"]
[White "Kokholm, Daniel"]
[Black "Morkore, Thomas"]
[Result "1/2-1/2"]
[WhiteElo "1808"]
[BlackElo "1897"]
[PlyCount "43"]
[EventDate "2010.??.??"]

1. e4 e6 2. d3 d5 3. Nd2 c5 4. Ngf3 Nc6 5. g3 g6 6. Bg2 Bg7 7. O-O Nge7 8. Re1
b6 9. exd5 exd5 10. d4 O-O 11. dxc5 bxc5 12. c4 d4 13. Nb3 Qb6 14. Bf4 Rd8 15.
Ng5 Bf5 16. g4 h6 17. gxf5 hxg5 18. Rxe7 gxf4 19. Re1 Ne5 20. Bxa8 Rxa8 21.
Rxe5 Bxe5 22. Qf3 1/2-1/2

[Event "K41 Aabent Mesterskab 2010-2011"]
[Site "Valby"]
[Date "2011.02.08"]
[Round "8"]
[White "Krogh, Soren"]
[Black "Gjelstrup, Ole"]
[Result "0-1"]
[WhiteElo "1274"]
[BlackElo "1551"]
[PlyCount "74"]
[EventDate "2010.??.??"]

1. b4 c6 2. Bb2 d5 3. Nf3 e6 4. e3 Nf6 5. a3 Bd6 6. c4 O-O 7. d3 Nbd7 8. Nbd2
Re8 9. Be2 Qe7 10. O-O e5 11. Rc1 c5 12. b5 Nb6 13. a4 a5 14. Rc2 Bf5 15. Qa1
Nbd7 16. cxd5 Nxd5 17. Nc4 Nb4 18. Rd2 Bc7 19. Ne1 Qg5 20. Qb1 e4 21. g3 h5 22.
dxe4 Bxe4 23. Qd1 h4 24. g4 Nf6 25. f3 Bd5 26. Ng2 h3 27. f4 Nxg4 28. Bxg4 Qg6
29. f5 Qg5 30. b6 hxg2 31. Re1 Bxh2+ 32. Kxh2 Bxc4 33. Rd7 Rxe3 34. Rxe3 Qxe3
35. f6 Qf4+ 36. Kh3 gxf6 37. Rxb7 Qf1 0-1

[Event "K41 Aabent Mesterskab 2010-2011"]
[Site "Valby"]
[Date "2011.02.08"]
[Round "8"]
[White "Moller, Arne Vagn"]
[Black "Karup, Jesper"]
[Result "1-0"]
[WhiteElo "1793"]
[BlackElo "1774"]
[PlyCount "53"]
[EventDate "2010.??.??"]

1. e4 e6 2. d4 d5 3. Nc3 Bb4 4. e5 c5 5. a3 Bxc3+ 6. bxc3 Ne7 7. f4 b6 8. Nf3
Qc7 9. Be2 Ba6 10. O-O Bxe2 11. Qxe2 Nbc6 12. a4 Na5 13. Qb5+ Qc6 14. dxc5 O-O
15. Ba3 Rfe8 16. Bb4 Nc4 17. Nd4 Qb7 18. c6 Qc7 19. a5 Rab8 20. Qa4 Nc8 21.
axb6 Rxb6 22. Bc5 Rb8 23. Rfb1 Rxb1+ 24. Rxb1 N8b6 25. Qa6 Rb8 26. Ra1 Nc8 27.
Nb5 1-0

[Event "K41 Aabent Mesterskab 2010-2011"]
[Site "Valby"]
[Date "2011.02.08"]
[Round "8"]
[White "Nicolaisen, Jeppe"]
[Black "Jorgensen, Rasmus"]
[Result "1/2-1/2"]
[WhiteElo "2004"]
[BlackElo "2075"]
[PlyCount "70"]
[EventDate "2010.??.??"]

1. Nc3 g6 2. d4 Bg7 3. e4 d6 4. Be3 a6 5. Qd2 Nd7 6. h4 h5 7. Nh3 b5 8. O-O-O
c6 9. Ng5 Nb6 10. Bd3 Nc4 11. Bxc4 bxc4 12. Qe2 d5 13. e5 Bf5 14. Bd2 Qb6 15.
Na4 Qb5 16. Nc3 Qb7 17. Na4 Rb8 18. Bc3 e6 19. f3 Nh6 20. Rhg1 Qb5 21. Nc5 Bf8
22. g4 Bxc5 23. dxc5 Qxc5 24. gxf5 Nxf5 25. Qd2 Qe7 26. Qf4 c5 27. Rxd5 exd5
28. e6 O-O 29. exf7+ Rxf7 30. Nxf7 Kxf7 31. Re1 Qd6 32. Be5 Qe6 33. Bc3 Qd6 34.
Be5 Qe6 35. Bc3 Qd6 1/2-1/2

[Event "K41 Aabent Mesterskab 2010-2011"]
[Site "Valby"]
[Date "2011.02.08"]
[Round "8"]
[White "Nielsen, Michael"]
[Black "Hansen, Jakob"]
[Result "1/2-1/2"]
[WhiteElo "2062"]
[BlackElo "1895"]
[PlyCount "62"]
[EventDate "2010.??.??"]

1. d4 g6 2. g3 Bg7 3. Bg2 Nf6 4. Nf3 O-O 5. O-O d5 6. Re1 c6 7. c3 Bf5 8. Nbd2
Be4 9. Qb3 Qc8 10. Nxe4 Nxe4 11. Nd2 Nxd2 12. Bxd2 Na6 13. e4 dxe4 14. Rxe4 e6
15. c4 Rd8 16. Bc3 Rb8 17. Rd1 Rd7 18. Qc2 Qd8 19. a4 Nc5 20. Rh4 e5 21. d5 Bf6
22. Rh3 Ne6 23. Re1 cxd5 24. cxd5 Ng5 25. Rh4 Rxd5 26. Rb4 Rc5 27. h4 Ne6 28.
Rxb7 Rxb7 29. Bxb7 Nd4 30. Qd3 Qb6 31. Bg2 a5 1/2-1/2

[Event "K41 Aabent Mesterskab 2010-2011"]
[Site "Valby"]
[Date "2011.02.08"]
[Round "8"]
[White "Porte, Henrik"]
[Black "Ertbjerg, Per"]
[Result "0-1"]
[WhiteElo "2105"]
[BlackElo "1925"]
[PlyCount "120"]
[EventDate "2010.??.??"]

1. d4 d5 2. c4 c6 3. Nf3 Nf6 4. Nc3 dxc4 5. a4 Bf5 6. Ne5 Nbd7 7. Nxc4 Nb6 8.
Ne5 Nfd7 9. Nxd7 Nxd7 10. f3 a5 11. e4 Bg6 12. Be3 Qb6 13. Qd2 e5 14. d5 Bc5
15. dxc6 bxc6 16. Bxc5 Nxc5 17. Bc4 Rd8 18. Qc2 O-O 19. b3 Kh8 20. Rd1 Rxd1+
21. Nxd1 f5 22. exf5 Bxf5 23. Qf2 Bd3 24. Qe3 Bxc4 25. bxc4 Qb4+ 26. Qc3 Nxa4
27. Qxb4 axb4 28. Kd2 Nc5 29. Nb2 e4 30. Ke3 exf3 31. gxf3 h6 32. Rd1 Re8+ 33.
Kf2 Ra8 34. Ke3 Ra2 35. Rb1 Ra3+ 36. Kd4 Nb3+ 37. Ke5 Nd2 38. Rd1 Nxf3+ 39. Kd6
Ra2 40. Nd3 Rd2 41. Rxd2 Nxd2 42. Nxb4 Nxc4+ 43. Kxc6 Ne5+ 44. Kd5 Nf3 45. h3
Kh7 46. Nd3 Kg6 47. Nf4+ Kf5 48. Nh5 g6 49. Ng7+ Kf4 50. Ke6 Kg3 51. Kf6 Nh4
52. Ne6 Kxh3 53. Ke7 h5 54. Kf6 Kg4 55. Ng7 Nf5 56. Ne6 h4 57. Ng5 Ne7 58. Ne4
h3 59. Kxe7 h2 60. Kf6 Kf3 0-1

[Event "K41 Aabent Mesterskab 2010-2011"]
[Site "Valby"]
[Date "2011.02.08"]
[Round "8"]
[White "Rasmussen, Morten(1956)"]
[Black "Stanislaus, Johann"]
[Result "1-0"]
[WhiteElo "1707"]
[BlackElo "1591"]
[PlyCount "31"]
[EventDate "2010.??.??"]

1. d4 d5 2. c4 c6 3. Nf3 dxc4 4. e3 b5 5. a4 a6 6. axb5 cxb5 7. b3 Bb7 8. bxc4
bxc4 9. Bxc4 Nf6 10. Ba3 Ne4 11. O-O Nd6 12. Bxd6 exd6 13. Qb3 Qd7 14. Nc3 Bxf3
15. gxf3 g5 16. Bb5 1-0

[Event "K41 Aabent Mesterskab 2010-2011"]
[Site "Valby"]
[Date "2011.02.08"]
[Round "8"]
[White "Sorensen, Dick"]
[Black "Nielsen, John Holm"]
[Result "0-1"]
[WhiteElo "1917"]
[BlackElo "2019"]
[PlyCount "154"]
[EventDate "2010.??.??"]

1. e4 c6 2. d4 d5 3. Nc3 dxe4 4. Nxe4 Bf5 5. Ng3 Bg6 6. Nf3 Nf6 7. h4 h6 8. h5
Bh7 9. Bd3 Bxd3 10. Qxd3 e6 11. Bd2 Nbd7 12. O-O-O Qc7 13. Kb1 O-O-O 14. c4 Bd6
15. Ne4 Nxe4 16. Qxe4 Nf6 17. Qc2 Rhe8 18. Bc3 Ng4 19. d5 cxd5 20. cxd5 e5 21.
Rh4 Nf6 22. Qa4 Kb8 23. Rc4 Qd7 24. Qxd7 Rxd7 25. Nh4 Bc7 26. Nf5 Nxd5 27. Rc1
f6 28. Rg4 Nf4 29. Rxg7 Rxg7 30. Nxg7 Rg8 31. Nf5 Rxg2 32. Nxh6 Nxh5 33. Rh1
Nf4 34. Nf5 Rg8 35. Rh6 Nd5 36. Ne3 Nxe3 37. fxe3 Bd8 38. Kc2 Kc7 39. Kd3 Rg4
40. Rh7+ Kc6 41. Rh8 Bb6 42. Rf8 Kd5 43. Rxf6 Rg3 44. Bd2 e4+ 45. Ke2 Rg2+ 46.
Rf2 Rxf2+ 47. Kxf2 Bc7 48. Bc3 b5 49. Ke2 a5 50. b3 Bb6 51. Kd2 a4 52. Bg7 Bc5
53. Bf6 Bd6 54. Bd4 Bb4+ 55. Ke2 Ba5 56. Kf2 Bc7 57. Ke2 Bd6 58. Kd2 axb3 59.
axb3 Ke6 60. Kc3 Kf5 61. Bg7 Kg4 62. Kd4 Kf3 63. Kd5 Ba3 64. Kc6 b4 65. Bd4 Ke2
66. Kb5 Kd3 67. Ka4 Bc1 68. Bc5 Bxe3 69. Bxb4 Bd4 70. Be1 e3 71. b4 Be5 72. Bh4
e2 73. b5 Bc7 74. Bf2 Bb6 75. Bh4 Ke4 76. Kb4 Kf3 77. Be1 Kg2 0-1

[Event "K41 Aabent Mesterskab 2010-2011"]
[Site "Valby"]
[Date "2011.02.08"]
[Round "8"]
[White "Truelsen, Ole Illum"]
[Black "Abildgaard, Kenneth"]
[Result "0-1"]
[WhiteElo "1761"]
[BlackElo "1939"]
[PlyCount "56"]
[EventDate "2010.??.??"]

1. c4 b5 2. e3 bxc4 3. Bxc4 d5 4. Bb3 Nf6 5. Nf3 e6 6. O-O Bd6 7. Nc3 a6 8. d3
Bb7 9. Re1 e5 10. d4 e4 11. Ba4+ c6 12. Ne5 Qc7 13. f4 exf3 14. Nxf3 O-O 15. e4
dxe4 16. Nxe4 Nxe4 17. Rxe4 c5 18. d5 Nd7 19. Bg5 Nb6 20. Bb3 c4 21. Bxc4 Nxc4
22. Rc1 Qb6+ 23. Kh1 Nxb2 24. Qd2 Qb5 25. Rb1 Bxd5 26. Rd4 Bxf3 27. Rxd6 Be4
28. Re1 Nc4 0-1

[Event "K41 Aabent Mesterskab 2010-2011"]
[Site "Valby"]
[Date "2011.02.08"]
[Round "8"]
[White "Wadtland, Flemming"]
[Black "Christensen, Aage Niels"]
[Result "0-1"]
[WhiteElo "1324"]
[BlackElo "1461"]
[PlyCount "92"]
[EventDate "2010.??.??"]

1. c4 f5 2. Nf3 Nf6 3. d3 d6 4. Bg5 Nbd7 5. Qa4 c6 6. Nc3 h6 7. Bd2 Nc5 8. Qc2
Be6 9. b4 Na6 10. a3 Bf7 11. g3 e5 12. Bg2 Be7 13. e4 fxe4 14. Nxe4 Nxe4 15.
dxe4 Qd7 16. Be3 Nc7 17. Rd1 Qe6 18. Nd2 O-O 19. O-O Bh5 20. f3 Bg6 21. Rf2 a5
22. f4 Qc8 23. f5 Bh7 24. Rdf1 axb4 25. axb4 Ne8 26. g4 Ra3 27. Rf3 Qa8 28. Rb1
Ra2 29. Rb2 Ra3 30. Qc1 Kh8 31. Nb1 Ra1 32. Rh3 Qd8 33. Rh5 Nf6 34. Rh3 Nxg4
35. Rg3 Nxe3 36. Qxe3 Bg5 37. Qd3 Bf4 38. Rh3 Bg8 39. Rb3 Ra2 40. Rc3 Qg5 41.
Rc2 Ra1 42. Rb2 Rfa8 43. Kf1 R8a2 44. Rc2 Rxc2 45. Qxc2 Bxc4+ 46. Ke1 Ra2 0-1

[Event "K41 Aabent Mesterskab 2010-2011"]
[Site "Valby"]
[Date "2011.03.01"]
[Round "9"]
[White "Abildgaard, Kenneth"]
[Black "Kokholm, Daniel"]
[Result "1-0"]
[WhiteElo "1939"]
[BlackElo "1808"]
[PlyCount "65"]
[EventDate "2010.??.??"]

1. c4 Nc6 2. Nc3 e5 3. g3 Nf6 4. Bg2 Bc5 5. d3 O-O 6. a3 a5 7. Bg5 Bxf2+ 8. Kf1
Bc5 9. Nd5 Be7 10. Nxe7+ Qxe7 11. Nh3 h6 12. Bd2 d6 13. Nf2 a4 14. Bxc6 bxc6
15. Kg2 c5 16. Rf1 e4 17. Bc3 Bb7 18. Kg1 e3 19. Nh3 Qd7 20. Nf4 Qc6 21. Rf3
Qe8 22. Rf1 Ng4 23. Qc1 Nf2 24. h3 g5 25. Ng2 Qc6 26. Nxe3 Nxh3+ 27. Kh2 Qd7
28. Nf5 Nf4 29. Nxh6+ Kh7 30. gxf4 Kxh6 31. fxg5+ Kh7 32. Qf4 Rh8 33. Qh4+ 1-0

[Event "K41 Aabent Mesterskab 2010-2011"]
[Site "Valby"]
[Date "2011.03.01"]
[Round "9"]
[White "Eiholt, Bjarne"]
[Black "Krogh, Soren"]
[Result "0-1"]
[WhiteElo "1516"]
[BlackElo "1274"]
[PlyCount "92"]
[EventDate "2010.??.??"]

1. d4 Nf6 2. c4 c5 3. d5 e6 4. Nc3 exd5 5. cxd5 d6 6. e4 g6 7. Nf3 Bg7 8. Be2
O-O 9. O-O Re8 10. Nd2 a6 11. a4 Nbd7 12. Nc4 Qc7 13. Bf4 Ne5 14. Nxe5 dxe5 15.
Bg3 Bh6 16. Bh4 Nd7 17. d6 Qb8 18. Nd5 g5 19. Nc7 Rf8 20. Nxa8 gxh4 21. Nc7 Nf6
22. Qc2 b6 23. Rad1 Rd8 24. Nxa6 Bxa6 25. Bxa6 Rxd6 26. Rxd6 Qxd6 27. Rd1 Qc7
28. Bb5 Bf4 29. Qd3 Qb7 30. f3 Nh5 31. Qd8+ Kg7 32. Qxh4 Nf6 33. Kf2 Qe7 34. b3
Nxe4+ 35. fxe4 Qxh4+ 36. Kf1 Be3 37. Ke2 Qf2+ 38. Kd3 Bd4 39. Rd2 Qe3+ 40. Kc2
Qc3+ 41. Kd1 Be3 42. Rd3 Qc1+ 43. Ke2 Bd4 44. Bc4 Qg1 45. Rg3+ Kf8 46. Kd3 Qd1#
0-1

[Event "K41 Aabent Mesterskab 2010-2011"]
[Site "Valby"]
[Date "2011.03.01"]
[Round "9"]
[White "Gjelstrup, Ole"]
[Black "Rasmussen, Morten(1956)"]
[Result "0-1"]
[WhiteElo "1551"]
[BlackElo "1707"]
[PlyCount "50"]
[EventDate "2010.??.??"]

1. e4 c5 2. d4 cxd4 3. c3 dxc3 4. Nxc3 Nc6 5. Bc4 d6 6. Nf3 a6 7. O-O Nf6 8.
Qe2 Bg4 9. Rd1 e6 10. h3 Bxf3 11. gxf3 Be7 12. Bf4 Qc7 13. Rac1 O-O 14. Kh1
Rac8 15. Qe3 Rfe8 16. Ne2 Qa5 17. Rg1 Qc5 18. Bh6 Qxe3 19. Rxg7+ Kh8 20. fxe3
Ng8 21. Rcg1 Nxh6 22. Nf4 Rg8 23. Nxe6 Ne5 24. Bb3 Rxg7 25. Nxg7 Nxf3 0-1

[Event "K41 Aabent Mesterskab 2010-2011"]
[Site "Valby"]
[Date "2011.03.01"]
[Round "9"]
[White "Hansen, Jakob"]
[Black "Christensen, Esben"]
[Result "0-1"]
[WhiteElo "1895"]
[BlackElo "2018"]
[PlyCount "74"]
[EventDate "2010.??.??"]

1. d4 Nf6 2. c4 c5 3. d5 b5 4. cxb5 a6 5. bxa6 Bxa6 6. Nc3 g6 7. f4 d6 8. Nf3
Bg7 9. e4 Bxf1 10. Rxf1 O-O 11. Kf2 Qb6 12. Kg1 Nbd7 13. Qe2 e6 14. dxe6 fxe6
15. e5 Nd5 16. Nxd5 exd5 17. e6 Rae8 18. Ng5 Rf6 19. Qg4 Nf8 20. Qh3 h6 21. Nf7
h5 22. f5 gxf5 23. Qxh5 c4+ 24. Kh1 Rexe6 25. Ng5 Re7 26. Nh3 Re5 27. Bf4 Re4
28. Bg5 Rf7 29. Bh6 Re5 30. Bf4 Ree7 31. Rae1 Rxe1 32. Rxe1 Bxb2 33. Ng5 Rg7
34. Ne6 Qf2 35. Rg1 Nxe6 36. Qe8+ Nf8 37. Bxd6 Bd4 0-1

[Event "K41 Aabent Mesterskab 2010-2011"]
[Site "Valby"]
[Date "2011.03.01"]
[Round "9"]
[White "Jorgensen, Rasmus"]
[Black "Porte, Henrik"]
[Result "1-0"]
[WhiteElo "2075"]
[BlackElo "2105"]
[PlyCount "87"]
[EventDate "2010.??.??"]

1. e4 c6 2. d4 d5 3. e5 Bf5 4. Nc3 e6 5. g4 Bg6 6. Nge2 Nd7 7. h4 h5 8. Nf4 Ne7
9. Nxg6 Nxg6 10. gxh5 Ne7 11. Bg5 Qb6 12. Qd2 c5 13. Nb5 Nc6 14. O-O-O Nxd4 15.
Nxd4 cxd4 16. Rh3 Rc8 17. Rb3 Qc7 18. Kb1 a6 19. Qe2 b5 20. Rxd4 Qxe5 21. Re3
Qd6 22. Bh3 Rc6 23. f4 Be7 24. h6 Bf6 25. Bxf6 gxf6 26. Qh5 Ke7 27. Rxd5 Qxf4
28. Rdd3 Rxh6 29. Qd1 Ne5 30. Rc3 Nc4 31. Red3 Rd6 32. Rxd6 Qxd6 33. Rd3 Qc7
34. h5 Ne5 35. Rg3 Qd6 36. Qe2 Nc4 37. Rg7 Qd2 38. Qxe6+ Kd8 39. Qc8+ Ke7 40.
Qe6+ Kd8 41. Rg8+ Kc7 42. Rc8+ Kb7 43. Qc6+ Ka7 44. Ra8# 1-0

[Event "K41 Aabent Mesterskab 2010-2011"]
[Site "Valby"]
[Date "2011.03.01"]
[Round "9"]
[White "Karup, Jesper"]
[Black "Ibsen, Johan"]
[Result "1/2-1/2"]
[WhiteElo "1774"]
[BlackElo "1610"]
[PlyCount "82"]
[EventDate "2010.??.??"]

1. e4 e6 2. d3 d5 3. Nd2 c5 4. g3 Nc6 5. Bg2 Nf6 6. Ngf3 Be7 7. O-O O-O 8. Re1
b5 9. e5 Nd7 10. Nf1 Bb7 11. h4 Rc8 12. N1h2 Nd4 13. Bf4 Qb6 14. h5 f6 15. h6
g6 16. Bh3 Nf5 17. g4 Nd4 18. Bg3 f5 19. Qd2 Nxf3+ 20. Nxf3 d4 21. Bh4 Bxf3 22.
Bxe7 Rf7 23. Bh4 fxg4 24. Bg2 Bxg2 25. Kxg2 Qb7+ 26. Kg1 Qf3 27. Bg3 Rcf8 28.
Qe2 Qf5 29. Qe4 Qh5 30. Qc6 Qxh6 31. Qxe6 Qg5 32. Re4 Kg7 33. Rxg4 Qe7 34. Qxe7
Rxe7 35. Re1 Rfe8 36. Rge4 Re6 37. f4 h6 38. R4e2 Nb6 39. a3 Nd5 40. Kg2 Ne3+
41. Kh3 Nf5 1/2-1/2

[Event "K41 Aabent Mesterskab 2010-2011"]
[Site "Valby"]
[Date "2011.03.01"]
[Round "9"]
[White "Morkore, Thomas"]
[Black "Moller, Arne Vagn"]
[Result "1/2-1/2"]
[WhiteElo "1897"]
[BlackElo "1793"]
[PlyCount "50"]
[EventDate "2010.??.??"]

1. e4 c5 2. Nf3 d6 3. Bb5+ Bd7 4. Bxd7+ Qxd7 5. c4 Nf6 6. Nc3 Nc6 7. d4 cxd4 8.
Nxd4 g6 9. f3 Bg7 10. Be3 O-O 11. Rc1 Rac8 12. b3 Rfd8 13. O-O e6 14. Rf2 d5
15. Nxc6 bxc6 16. cxd5 cxd5 17. exd5 Nxd5 18. Nxd5 Rxc1 19. Qxc1 exd5 20. Rc2
d4 21. Rc7 Qd5 22. Bg5 f6 23. Rc5 Qe6 24. Bd2 f5 25. Qc4 Qxc4 1/2-1/2

[Event "K41 Aabent Mesterskab 2010-2011"]
[Site "Valby"]
[Date "2011.03.01"]
[Round "9"]
[White "Nielsen, John Holm"]
[Black "Jorgensen, Kasper Moller"]
[Result "1/2-1/2"]
[WhiteElo "2019"]
[BlackElo "2049"]
[PlyCount "108"]
[EventDate "2010.??.??"]

1. Nc3 c5 2. Nf3 Nc6 3. d4 cxd4 4. Nxd4 d5 5. e4 dxe4 6. Nxc6 Qxd1+ 7. Kxd1
bxc6 8. Nxe4 g6 9. Bd3 Bg7 10. c3 Nh6 11. Be3 Ng4 12. Bc5 Ne5 13. Bc2 Bg4+ 14.
Ke1 Nd7 15. Ba3 O-O 16. f3 Be6 17. Rd1 Nb6 18. Kf2 Rfe8 19. b3 Nd5 20. c4 Nf6
21. Rhe1 Bf5 22. Nxf6+ Bxf6 23. Bxf5 gxf5 24. Rd7 e6 25. Bc5 a5 26. Red1 a4 27.
b4 Be5 28. Be7 Kg7 29. Rb7 Bf6 30. Bxf6+ Kxf6 31. Rdd7 Red8 32. Rxf7+ Ke5 33.
Rfd7 Rxd7 34. Rxd7 Rb8 35. a3 h5 36. g3 f4 37. gxf4+ Kxf4 38. Rd6 c5 39. b5 e5
40. Rd5 Rc8 41. h4 Rc7 42. Rd6 Rf7 43. Rd8 e4 44. fxe4 Kxe4+ 45. Ke2 Rf4 46.
Rd5 Rxh4 47. Rxc5 Rh2+ 48. Kf1 Kd4 49. Rc6 Ra2 50. Ra6 Rxa3 51. b6 Rb3 52. Rxa4
Rxb6 53. c5+ Kxc5 54. Ra5+ Rb5 1/2-1/2

[Event "K41 Aabent Mesterskab 2010-2011"]
[Site "Valby"]
[Date "2011.03.01"]
[Round "9"]
[White "Nielsen, Soren Skovso"]
[Black "Sorensen, Dick"]
[Result "0-1"]
[WhiteElo "1641"]
[BlackElo "1917"]
[PlyCount "118"]
[EventDate "2010.??.??"]

1. e4 g6 2. d4 Bg7 3. Nf3 d6 4. Bd3 Nf6 5. h3 O-O 6. O-O c6 7. c3 b5 8. Qc2 a6
9. Be3 Bb7 10. Nbd2 Nfd7 11. Rfe1 e5 12. Rad1 h6 13. Nf1 c5 14. dxc5 dxc5 15.
Qd2 Kh7 16. Bb1 Qc8 17. N3h2 a5 18. Ng4 h5 19. Ngh2 c4 20. Nf3 Ra6 21. Ng5+ Kg8
22. Nf3 Nc5 23. Bh6 f6 24. Nh4 Rf7 25. Nxg6 Kh7 26. Bxg7 Rxg7 27. Nh4 Qxh3 28.
Ne3 Qxh4 29. Nf5 Qg5 30. Nxg7 Qxd2 31. Rxd2 Kxg7 32. Re3 Nc6 33. Rd5 Nd3 34.
Rd7+ Kh6 35. Rxb7 Nxb2 36. Rxb5 Nd1 37. Rg3 Ne7 38. Bc2 Rd6 39. Rb1 Nxf2 40.
Rb7 Ng6 41. Rb5 Ng4 42. Rd5 Rb6 43. a4 Nf4 44. Kf1 Nxd5 45. exd5 Kg5 46. Ke1 f5
47. Bd1 Rd6 48. Be2 Rxd5 49. Bxc4 Rc5 50. Bb5 f4 51. Rh3 Rc8 52. c4 Rb8 53. c5
Rc8 54. Rc3 Ne3 55. g3 Nd5 56. gxf4+ Kxf4 57. Rh3 Rxc5 58. Rxh5 Ke3 59. Rh3+
Kd4 0-1

[Event "K41 Aabent Mesterskab 2010-2011"]
[Site "Valby"]
[Date "2011.03.01"]
[Round "9"]
[White "Stanislaus, Johann"]
[Black "Hojland, Ulrik"]
[Result "1-0"]
[WhiteElo "1591"]
[BlackElo "1813"]
[PlyCount "63"]
[EventDate "2010.??.??"]

1. c4 Nf6 2. Nc3 g6 3. e4 d6 4. f4 e5 5. Nf3 Nc6 6. d3 Bg7 7. Rb1 a5 8. Be2 Nh5
9. Nd5 Bg4 10. O-O Nb4 11. fxe5 Nxd5 12. cxd5 dxe5 13. Ng5 Bxe2 14. Qxe2 O-O
15. g3 h6 16. Nf3 Qd7 17. Be3 f5 18. Nh4 Qe8 19. Bc5 Rf6 20. exf5 gxf5 21. Nxf5
b6 22. Ba3 Nf4 23. Ne7+ Qxe7 24. Rxf4 Qf7 25. Rxf6 Qxf6 26. Rf1 Qg6 27. Qe4 Qg5
28. d6 Rf8 29. Rxf8+ Bxf8 30. d7 Qc1+ 31. Kg2 Qd2+ 32. Kh3 1-0